| Tag |
First Indicator |
Second Indicator |
Subfields |
| LEADER |
00000cgm a2200000za 4500 |
| 001 |
in00003588813 |
| 006 |
m o c |
| 007 |
vz uzazuu |
| 007 |
cr una---unuuu |
| 008 |
150908p20152012cau048 o vlund d |
| 005 |
20260324181919.9 |
| 028 |
5 |
2 |
|a 1068582
|b Kanopy
|
| 035 |
|
|
|a (CaSfKAN)kan1068582
|
| 040 |
|
|
|a VDU
|b eng
|c VDU
|d UtOrBLW
|
| 245 |
0 |
2 |
|a A Conversation on Research.
|
| 264 |
|
1 |
|a [San Francisco, California, USA] :
|b Kanopy Streaming,
|c 2015.
|
| 300 |
|
|
|a 1 online resource (streaming video file)
|
| 306 |
|
|
|a Duration: 49 minutes
|
| 336 |
|
|
|a two-dimensional moving image
|b tdi
|2 rdacontent
|
| 337 |
|
|
|a computer
|b c
|2 rdamedia
|
| 338 |
|
|
|a online resource
|b cr
|2 rdacarrier
|
| 500 |
|
|
|a Title from title frames.
|
| 518 |
|
|
|a Originally produced by Edith Cowan University in 2012.
|
| 520 |
|
|
|a A video from ECU's archive of documentaries and teaching films. A Conversation on Research is presented by Dr Glenda Campbell-Evans, Associate Dean, Faculty of Education, Edith Cowan University, who talks to guest speaker Dr Judith Bell, Honorary Professorial Fellow, Open University, United Kingdom.Dr Judith Bell discusses, in detail, research issues addressed in her book Doing Your Research Project. Dr Bell contends that if you are a beginning researcher, the problems facing you are the same whether your task is to write a Master project, thesis or dissertation or a doctoral thesis. Researchers need to identify and bound the topic, refine and focus the topic through definition and review of relevant literature. Dr Bell refers to developing and using an analytic framework and provides insight into the art of writing up the research results. Producer: George Karpathakis
|
| 538 |
|
|
|a Mode of access: World Wide Web.
|
| 546 |
|
|
|a In English
|
| 500 |
|
|
|a Electronic resource.
|
| 653 |
|
|
|a Business Skills
|
| 653 |
|
|
|a K-12
|
| 655 |
|
7 |
|a Nonfiction films.
|2 lcgft
|0 http://id.loc.gov/authorities/genreForms/gf2011026423
|
| 655 |
|
7 |
|a Internet videos.
|2 lcgft
|0 http://id.loc.gov/authorities/genreForms/gf2011026337
|
| 710 |
2 |
|
|a Kanopy (Firm)
|0 http://id.loc.gov/authorities/names/no2014091415
|
| 856 |
4 |
0 |
|u http://proxy.library.tamu.edu/login?url=https://texasam.kanopystreaming.com/node/68583
|z Connect to this streaming video
|t 0
|
| 999 |
f |
f |
|s 676fe993-8003-3688-8ccf-cc4cdb35c600
|i c18a280b-67f8-3447-b0fb-0bd4a72a8489
|t 0
|
| 952 |
f |
f |
|a Texas A&M University
|b College Station
|c Electronic Resources
|s www_evans
|d Available Online
|t 0
|h No information provided
|
| 998 |
f |
f |
|t 0
|l Available Online
|